| 000 | 00449pab a2200169 454500 | ||
|---|---|---|---|
| 008 | 180718b1996 xxu||||| |||| 00| 0 eng d | ||
| 100 | _aGhosh, Sekhar | ||
| 245 | _aDynamics of nuclear arms control: case of the CTBT | ||
| 260 | _c1996 | ||
| 300 | _ap.1-18 | ||
| 362 | _aOct-Dec | ||
| 650 | _aComprehensive test ban treaty (CTBT) | ||
| 650 | _aArms control | ||
| 650 | _aNuclear nonproliferation | ||
| 773 | _aIndia Quarterly | ||
| 909 | _a36686 | ||
| 999 |
_c36686 _d36686 |
||